000 00342pab a2200145 454500
008 180718b2003 xxu||||| |||| 00| 0 eng d
100 _aNachane, Dilip
245 _aP.R. Brahmananda
260 _c2003
300 _ap.870-72.
362 _a1 Mar
650 _aBrahmananda, P.R.
773 _aEconomic and Political Weekly
909 _a55710
999 _c55710
_d55710